Library Banner

Nahuzat wa mansobeen aan (نہضت و منسوبین آن)(فارسی) / (Record no. 109161)

MARC details
000 -LEADER
fixed length control field 00452nam a22001337a 4500
005 - DATE AND TIME OF LATEST TRANSACTION
control field 20260616172649.0
008 - FIXED-LENGTH DATA ELEMENTS--GENERAL INFORMATION
fixed length control field 181129b ||||| |||| 00| 0 eng d
040 ## - CATALOGING SOURCE
Transcribing agency PK-LaUMT
082 ## - DEWEY DECIMAL CLASSIFICATION NUMBER
Classification number RHC 297.74
Item number ABU-N
100 1# - MAIN ENTRY--PERSONAL NAME
Personal name Maududi, Syed Abul Ala
245 ## - TITLE STATEMENT
Title Nahuzat wa mansobeen aan (نہضت و منسوبین آن)(فارسی) /
Statement of responsibility, etc Abul Ala Maududi
260 ## - PUBLICATION, DISTRIBUTION, ETC. (IMPRINT)
Place of publication, distribution, etc لاہور:
Name of publisher, distributor, etc دارالعروبہ للدعوۃ الاسلامیہ
942 ## - ADDED ENTRY ELEMENTS (KOHA)
Koha item type Books
Holdings
Withdrawn status Lost status Damaged status Home library Current library Date acquired Full call number Barcode Date last seen Price effective from Koha item type
      UMT Main Campus UMT Main Campus 2018-11-29 RHC 297.74 ABU-N 126713 2018-11-29 2018-11-29 Books